000 00407nam a2200133Ia 4500
008 100328s9999 xx 000 0 und d
082 _b58864
100 _aआशू रावजी आणि कानडे दिनू.
245 _aनंदिनी.
260 _bडॉल्फिन लायब्ररी.
630 _aनंदिनी.
730 _aनंदिनी.
942 _cBOOK
999 _c545147
_d545144